[Event "RLP Seniors op 17th"]
[Site "Neustadt an der Weinstrasse"]
[Date "2019.07.25"]
[Round "6"]
[White "Wolkenstein, Eckhardt"]
[Black "Kalkmann, Hans"]
[Result "0-1"]
[WhiteElo "1616"]
[BlackElo "1858"]
[PlyCount "56"]
[EventDate "2019.07.20"]
[EventType "swiss"]
[EventRounds "9"]
[EventCountry "GER"]
[SourceTitle "CBM 192 Extra"]
[Source "Chessbase"]
[SourceDate "2019.11.06"]
[SourceVersion "1"]
[SourceVersionDate "2019.11.06"]
[SourceQuality "1"]

1. d4 e6 2. c4 f5 3. Nc3 Nf6 4. Nf3 Bb4 5. a3 Bxc3+ 6. bxc3 Qe7 7. e3 b6 8. Bd3 Bb7 9. 0-0 0-0 10. a4 d6 11. Qe2 Nbd7 12. Ba3 g6 13. Ne5 c5 14. Nxd7 Qxd7 15. Bb2 e5 16. d5 Ba6 17. a5 e4 18. Bc2 Nxd5 19. Rfd1 Nc7 20. Ba4 Qe6 21. Bc6 Bxc4 22. Qd2 Rad8 23. axb6 axb6 24. Ra7 Rf7 25. h3 d5 26. Ba4 b5 27. Bc2 Qb6 28. Bxe4 Qxa7 0-1

[Event "GER-chT8 LH-21 Br2 email"]
[Site "GER email"]
[Date "2009.10.09"]
[Round "?"]
[White "Wolkenstein, Eckhardt"]
[Black "Grube, Andreas"]
[Result "1/2-1/2"]
[WhiteElo "2072"]
[BlackElo "2119"]
[PlyCount "85"]
[EventDate "2009.10.15"]
[EventType "tourn (corr)"]
[EventRounds "8"]
[EventCountry "GER"]
[SourceTitle "Corr 2013"]
[Source "ChessBase"]
[SourceDate "2012.11.12"]
[SourceVersion "1"]
[SourceVersionDate "2012.11.12"]
[SourceQuality "1"]

1. d4 d5 2. c4 e6 3. Nc3 Nf6 4. Bg5 Be7 5. e3 0-0 6. Nf3 h6 7. Bh4 b6 8. Bd3 Bb7 9. 0-0 Nbd7 10. cxd5 Nxd5 11. Nxd5 Bxd5 12. Bg3 c5 13. Qe2 cxd4 14. Nxd4 Nc5 15. Bc2 Ne4 16. Bxe4 Bxe4 17. Rfd1 Qd5 18. f3 Bg6 19. Nb5 Qg5 20. Bf4 Qf6 21. Bd6 Rfd8 22. Rac1 e5 23. Bxe7 Qxe7 24. Nc3 Rxd1+ 25. Rxd1 Bf5 26. Nd5 Qb7 27. h3 f6 28. Qc4 Kh8 29. e4 Rc8 30. Qb4 Be6 31. a3 Rc5 32. Ne3 Qc7 33. Rd3 Kh7 34. Qd2 Rc6 35. Kf2 b5 36. g4 a5 37. Kg3 Qb6 38. Kg2 b4 39. Nd5 Qb7 40. axb4 axb4 41. b3 Ra6 42. Nxb4 Ra1 43. Nc2 1/2-1/2

[Event "GER-Cup16 Z-405 email"]
[Site "GER email"]
[Date "2008.??.??"]
[Round "?"]
[White "Wirries, Frank Michael"]
[Black "Wolkenstein, Eckhardt"]
[Result "1-0"]
[WhiteElo "1931"]
[BlackElo "2050"]
[PlyCount "65"]
[EventDate "2008.??.??"]
[EventType "tourn (corr)"]
[EventRounds "6"]
[EventCountry "GER"]
[SourceTitle "Corr 2011"]
[Source "ChessBase"]
[SourceDate "2010.08.31"]
[SourceVersion "1"]
[SourceVersionDate "2010.08.31"]
[SourceQuality "1"]

1. e4 e6 2. d4 d5 3. Nc3 Bb4 4. e5 c5 5. a3 Bxc3+ 6. bxc3 Ne7 7. Qg4 Qc7 8. Qxg7 Rg8 9. Qxh7 cxd4 10. Ne2 Nbc6 11. f4 Bd7 12. Qd3 dxc3 13. Nxc3 a6 14. Ne2 Nf5 15. h3 Na5 16. g4 Bb5 17. Qc3 Qxc3+ 18. Nxc3 Bxf1 19. Rxf1 Nd4 20. Ra2 Rc8 21. Ne2 Rxc2 22. Rxc2 Nxc2+ 23. Kd1 Na1 24. Rf3 N1b3 25. Rc3 Kd7 26. Be3 Rc8 27. Rxc8 Kxc8 28. h4 Nc4 29. Bf2 Kd8 30. h5 Ke8 31. Kc2 Na1+ 32. Kc3 Kf8 33. Bd4 1-0

[Event "GER-Cup16 Z-405 email"]
[Site "GER email"]
[Date "2008.??.??"]
[Round "?"]
[White "Wolkenstein, Eckhardt"]
[Black "Neumann, Bernd"]
[Result "0-1"]
[WhiteElo "2050"]
[BlackElo "2218"]
[PlyCount "70"]
[EventDate "2008.??.??"]
[EventType "tourn (corr)"]
[EventRounds "6"]
[EventCountry "GER"]
[SourceTitle "Corr 2011"]
[Source "ChessBase"]
[SourceDate "2010.08.31"]
[SourceVersion "1"]
[SourceVersionDate "2010.08.31"]
[SourceQuality "1"]

1. d4 d5 2. c4 dxc4 3. Nc3 a6 4. e4 b5 5. a4 b4 6. Na2 Bb7 7. f3 Nc6 8. d5 Na5 9. Bf4 Nf6 10. Rc1 Nh5 11. Be3 e6 12. dxe6 fxe6 13. Qxd8+ Rxd8 14. Bxc4 b3 15. Bxe6 bxa2 16. Bxa2 Bb4+ 17. Kf2 Nf6 18. Nh3 Rf8 19. Rxc7 Ng4+ 20. Ke2 Nxe3 21. Kxe3 Rd2 22. Be6 h6 23. Rxg7 Rxb2 24. f4 Bc5+ 25. Kd3 Rf6 26. Bd5 Bxd5 27. exd5 Rd6 28. Ke4 Rb4+ 29. Kf3 Kf8 30. Rc7 Rxd5 31. Re1 Nb3 32. Re5 Rxe5 33. fxe5 Nd4+ 34. Kg3 Ne6 35. Rc6 Rb6 0-1

[Event "GER-chT KG-33 email"]
[Site "GER email"]
[Date "2007.10.25"]
[Round "?"]
[White "Wolkenstein, Eckhardt"]
[Black "Tonne, Grant Hendrik"]
[Result "1-0"]
[WhiteElo "2241"]
[BlackElo "2265"]
[PlyCount "103"]
[EventDate "2007.??.??"]
[EventType "tourn (corr)"]
[EventRounds "6"]
[EventCountry "GER"]
[SourceTitle "Corr 2011"]
[Source "ChessBase"]
[SourceDate "2010.08.31"]
[SourceVersion "1"]
[SourceVersionDate "2010.08.31"]
[SourceQuality "1"]

1. d4 d5 2. c4 c6 3. Nc3 Nf6 4. Bg5 dxc4 5. a4 Qa5 6. Nf3 Ne4 7. Bd2 Nxd2 8. Nxd2 g6 9. e3 Bg7 10. Nxc4 Qc7 11. Be2 Be6 12. 0-0 0-0 13. f4 Rd8 14. Rc1 Nd7 15. Ne4 Bf5 16. Ng5 h6 17. g4 Bxg4 18. Bxg4 hxg5 19. fxg5 Nb6 20. Nxb6 Qxb6 21. Qf3 Qb3 22. Rf2 Rf8 23. h4 Rad8 24. h5 Rd5 25. h6 Bh8 26. h7+ Kg7 27. Qf4 f6 28. Be6 Rxg5+ 29. Qxg5 Qxe6 30. Qf4 Kxh7 31. Rh2+ Kg7 32. b4 a6 33. b5 axb5 34. axb5 cxb5 35. Rc5 Kf7 36. d5 Qa6 37. d6 Rd8 38. Rh7+ Bg7 39. Qh6 Qa1+ 40. Kf2 f5 41. Rc7 Kg8 42. Qxg6 Qa2+ 43. Kg3 Qa1 44. Kg2 Ra8 45. Rc1 Qe5 46. Kf1 Qf6 47. Qxf6 Bxf6 48. Rh5 exd6 49. Rxf5 Be5 50. Rb1 Kg7 51. Rxb5 Kg6 52. Rf3 1-0